| 000 | 00865nam a2200253 a 4500 | ||
|---|---|---|---|
| 001 | BRL_235 | ||
| 005 | 20190320210639.0 | ||
| 008 | 160713s1992----mx-o######---#000-0#spa-# | ||
| 020 | _a9686044086 (De la colección) | ||
| 020 | _a9686044647 (Alberto Ruy) | ||
| 041 | _aspa | ||
| 044 | _amx | ||
| 050 | 4 |
_aPQ7298 _b.R89 1992 |
|
| 100 | 1 |
_aRuy Sánchez, Alberto _d1951- _91401 |
|
| 245 | 1 | 0 |
_aDe cuerpo entero _cAlberto Ruy Sánchez. |
| 260 |
_aMéxico _bUNAM, Coordinación de Difusión Cultural, Direccción de Literatura : Ediciones CORUNDA _c1992 |
||
| 300 |
_a64 p. _bil. _c21 cm. |
||
| 500 | _aLa biblioteca cuenta con 2 ejemplares | ||
| 500 | _aEl ejemplar 2 incluye dedicatoria para Ruth Lechuga, 21 octubre de 1992 | ||
| 500 | _aEj.1 Au294. Ej.2 Au563 | ||
| 650 | 1 | 4 |
_aAutores mexicanos _vBiografías _ySiglo XX _923314 |
| 902 | _aGRL | ||
| 942 |
_2lcc _cB |
||
| 999 |
_c9048 _d9048 |
||